Routledge handbook of the contemporary Philippines /

The Philippines is a fascinating example of a 'poor country democracy' where issues of economic development and poverty, political participation and stability as well as ethnicity and migration are crucial. The Routledge Handbook of Contemporary Philippines provides a comprehensive overvie...

Full description

Bibliographic Details
Other Authors: Thompson, Mark R., 1960- (Editor), Batalla, Eric C. (Editor)
Format: Book
Language:English
Published: London ; New York : Routledge, [2018]
Series:Routledge handbooks.
Subjects:

MARC

Tag First Indicator Second Indicator Subfields
LEADER 00000cam a2200000 i 4500
001 in00003964458
005 20180718085618.0
008 170828t20182018enka b 001 0 eng c
010 |a  2017040875 
020 |a 9781138892347  |q hardcover 
020 |a 1138892343  |q hardcover 
020 |z 9781315709215  |q electronic book 
035 |a (OCoLC)on1002419197 
040 |a DLC  |e rda  |c DLC  |d UtOrBLW 
043 |a a-ph--- 
049 |a TXAM 
050 0 0 |a DS686.614  |b .R687 2018 
082 0 0 |a 959.905  |2 23 
245 0 0 |a Routledge handbook of the contemporary Philippines /  |c edited by Mark R. Thompson and Eric Vincent C. Batalla. 
264 1 |a London ;  |a New York :  |b Routledge,  |c [2018] 
264 4 |c ©2018 
300 |a xviii, 474 pages :  |b illustrations ;  |c 26 cm. 
336 |a text  |b txt  |2 rdacontent 
337 |a unmediated  |b n  |2 rdamedia 
338 |a volume  |b nc  |2 rdacarrier 
490 1 |a Routledge handbooks 
504 |a Includes bibliographical references and index. 
505 0 |a Clientelism revisited / Masataka Kimura -- Patrons, bosses, dynasties, and reformers in local politics / John T. Sidel -- Party and party system institutionalization / Allen Hicken -- Combating corruption / Jon S.T. Quah -- The civil service : weaknesses and constructive informal practices / Rupert Hodder -- House of clans : political dynasties in the legislature / Julio C. Teehankee -- Pork transmogrified : the unending story of particularistic spending / Ronald D. Holmes -- Congress : separate but not equal / Diana J. Mendoza and Mark R. Thompson -- The presidency : a relational approach / Mark R. Thompson -- The judiciary under threat / Eric Vincent C. Batalla, Michelle Sta. Romana, and Karen Rodrigo -- Civil-military relations : norming and departures / Rosalie Arcala Hall -- Continuity despite change : foreign relations between the Philippines and the United States / Howard Loewen -- From distant to antagonistic neighbor : 21st century Philippine-China relations / Renato Cruz de Castro -- Towards strategic partnership : Philippines-Japan relations after seventy years / Dennis D. Trinidad -- Diaspora diplomacy / Joaquin Jay Gonzalez III -- Bypassing industrial development : the economy since the lost decade / Eric Vincent C. Batalla -- Capital flight / Edsel L. Beja Jr -- The changing configuration of capitalism / Antoinette R. Raquiza -- Economic nationalism and its legacy / Yusuke Takagi -- Technocracy and class politics in policy-making / Teresa S. Encarnacion Tadem -- The allure of Pantawid Pamilya : the conditional cash transfer program / Ma. Victoria R. Raquiza -- Informality and legality in women's livelihoods in Baguio City / B. Lynne Milgram -- Persistent poverty and elite-dominated policymaking / David G. Timberman -- From pamilya to grasya : microfinance / Asuncion Sebastian -- A syncretic culture / Paul A. Rodell -- Gender, nation and Filipino Catholicism past and present / Coeli Barry -- Between rights protection and development aggression : indigenous peoples / Oona Paredes -- The resilience of the peasantry / Eduardo C. Tadem -- The middle class in society and politics / Temario C. Rivera -- Non-governmental organizations (NGOs) in the post-Marcos era / Gerard Clarke -- Crossovers double-crossed : NGOs, semi-clientelism, and political reform / Ben Reid -- The left : struggling to make a comeback / Nathan Quimpo -- Trade unions : free but weak / Carmel Veloso Abao -- The women's movement : policy issues, influence and constraints / Diana Mendoza -- Bangsamoro secessionism / Rizal G. Buendia -- Moro insurgency and third party mediation / Bruce E. Barnes -- The problem with the national(ist) method / Patricio N. Abinales. 
520 |a The Philippines is a fascinating example of a 'poor country democracy' where issues of economic development and poverty, political participation and stability as well as ethnicity and migration are crucial. The Routledge Handbook of Contemporary Philippines provides a comprehensive overview of the current political, economic, social and cultural issues of the country. The Handbook is divided into the following four sections concentrating on a different aspect of the Philippines, domestic politics, foreign relations, economics and social policy and cultures and movements. Chapters discuss the political parties and contested elections, as well as dynasties and local governance in the Politics section, and the Economics section looks at topics such as international political economy, industrial policy and economic nationalism. The section on Philippine society highlights the women's movement and gender issues, and goes on to concentrate on religion, culture and customs. The Philippines is confronted with many foreign challenges, and the final section focuses on the relationship the country has with China, Japan, Europe and the United States. Written by leading experts in the field, the Handbook provides students, scholars and policymakers of southeast Asia with an interdisciplinary resource on the evolving politics, society and economics of the Philippines. 
651 0 |a Philippines  |x Politics and government  |y 21st century. 
651 0 |a Philippines  |x Social conditions  |y 21st century. 
651 0 |a Philippines  |x Economic conditions  |y 21st century. 
651 0 |a Philippines  |x Foreign relations.  |0 http://id.loc.gov/authorities/subjects/sh85100781 
700 1 |a Thompson, Mark R.,  |d 1960-  |e editor.  |0 http://id.loc.gov/authorities/names/n95043167 
700 1 |a Batalla, Eric C.,  |e editor.  |0 http://id.loc.gov/authorities/names/nb2003080942 
830 0 |a Routledge handbooks.  |0 http://id.loc.gov/authorities/names/no2010086841 
945 |b 518749 
947 |a A14850534208 
948 |a cataloged  |b h  |c 2018/4/12  |d c  |e dmitchel  |f 8:10:20 am 
994 |a 92  |b TXA 
999 f f |s 444170f3-a7d3-31ba-8b03-a56c249ace52  |i 17bdd0f7-d927-3b60-b680-a60f68ae6169  |t 0 
952 f f |p normal  |a Texas A&M University  |b College Station  |c Sterling C. Evans Library  |d Evans: Library Stacks  |t 0  |e DS686.614 .R687 2018  |h Library of Congress classification  |i unmediated -- volume  |m A14850534208 
998 f f |a DS686.614 .R687 2018  |t 0  |l Evans: Library Stacks